=LDR 00000nam 2200000 4500 =001 NUTBA000000000005272 =005 20141027111003.0 =006 =007 =008 =020 ##$$a 602-8520-58-6 =035 ##$$a 0010-101400000000502 =040 ##$$a NBPDMAT =082 ##$$a 92 =090 ##$$a 92 (Ratulangi) Sri p =100 ##$$a Sri Rezeki Merdekawati =245 ##$$a Pahlawan Nasional Sam Ratulangi$cSri Rezeki Merdekawati =250 ##$$a Cet. 2. -- =260 ##$$a Jakarta$bGhina Walasafa$c2011 =300 ##$$a iv, 52 hlm$bilus$c24 cm =500 ##$$a Bibliografi hlm : 52 =650 ##$$a Ratulangi, Sam 1890 - 1949 =850 ##$$a NBPDMAT